| 000 | 01110cab a2200397 4500 | ||
|---|---|---|---|
| 001 | ABS51541 | ||
| 008 | 090401t1994 xxu||||| |||| 00| 0 eng d | ||
| 035 | _a(Sirsi) u32560 | ||
| 041 | _aeng | ||
| 245 | _aFocus `94: M25 junctions 16-24 | ||
| 260 | _c1994 | ||
| 350 | _a0 | ||
| 490 |
_aEstates Gazette _v(9442) 22 October 1994, 89-140(19) |
||
| 650 | _aA1(M) CORRIDOR | ||
| 650 | _aBOREHAMWOOD | ||
| 650 | _aBUSINESS SPACE MARKET | ||
| 650 | _aEALING | ||
| 650 | _aHARROW | ||
| 650 | _aHATFIELD | ||
| 650 | _aHEMEL HEMPSTEAD | ||
| 650 | _aHERTFORDSHIRE | ||
| 650 | _aINDUSTRIAL MARKET | ||
| 650 | _aM25 CORRIDOR | ||
| 650 | _aPROPERTY-COMMERCIAL PROPERTY-OFFICE PROPERTY-OFFICE PROPERTY MARKET | ||
| 650 | _aPROPERTY-COMMERCIAL PROPERTY-RETAIL PROPERTY-RETAIL PROPERTY MARKET | ||
| 650 | _aST ALBANS | ||
| 650 | _aSUPPLY AND DEMAND | ||
| 650 | _aTENDER PRICES | ||
| 650 | _aUXBRIDGE | ||
| 650 | _aWATFORD | ||
| 650 | _aWELWYN GARDEN CITY | ||
| 650 | _aWEMBLEY | ||
| 690 | _aPROPERTY-COMMERCIAL PROPERTY-COMMERCIAL PROPERTY MARKET | ||
| 942 | _n0 | ||
| 948 | _c04/03/1997 | ||
| 999 |
_c21790 _d21790 |
||